| 000 | 00446nam a2200157 a 4500 | ||
|---|---|---|---|
| 020 | _a0070992746 (paperback) | ||
| 020 | _a9780070992740 (paperback) | ||
| 100 | 1 | _aDonaldson, Brent. | |
| 245 | 1 | 0 | _aTool design / |
| 250 | _a3rd ed. | ||
| 260 |
_a[S.l.] : _bMcGraw Hill Higher Education, _c2001. |
||
| 300 | _a981 p. ; | ||
| 700 | 1 | _aCain, George H.Le. | |
| 856 | 4 | 0 | _uhttp://www.amazon.com/exec/obidos/ASIN/0070992746/chopaconline-20 |
| 942 | _cBK | ||
| 999 |
_c2573 _d2573 |
||